| 000 | 01394nam a22003617a 4500 | ||
|---|---|---|---|
| 001 | 440 | ||
| 003 | FISKH | ||
| 005 | 20230421104020.0 | ||
| 008 | 230421b cb ||||| |||| 00| 0 eng d | ||
| 010 | _a 87022864 | ||
| 020 |
_a0671664905 (pbk.) : _c$5.95 |
||
| 020 |
_a0671661183 (hard) : _c$12.95 |
||
| 040 |
_aDLC _cDLC _dDLC _dFISKH _beng |
||
| 042 | _alcac | ||
| 050 | 0 | 0 |
_aS417.C3 _bA65 1988 |
| 082 | 0 | 0 |
_a630/.92/4 _aB _a92 _219 |
| 100 | 0 | _aAliki. | |
| 245 | 1 | 2 |
_aA weed is a flower : _bthe life of George Washington Carver / _cwritten and illustrated by Aliki. |
| 260 |
_aNew York : _bSimon and Schuster Books for Young Readers, _c1988. |
||
| 300 |
_a32 p. : _bcol. ill. ; _c23 cm. |
||
| 505 | _aM | ||
| 520 | _aBrief text and pictures present the life of the man, born a slave, who became a scientist and devoted his entire life to helping the South improve its agriculture. | ||
| 521 | 8 |
_a640
_bLexile AD |
|
| 521 | 8 |
_aM
_bRaz-Plus |
|
| 600 | 1 | 0 |
_aCarver, George Washington, _d1864?-1943 _vJuvenile literature. |
| 600 | 1 | 1 |
_aCarver, George Washington, _d1864?-1943. |
| 650 | 0 |
_aAfrican American agriculturists _vBiography _vJuvenile literature. |
|
| 650 | 0 |
_aAgriculturists _zUnited States _vBiography _vJuvenile literature. |
|
| 650 | 1 | _aAgriculturists. | |
| 650 | 1 |
_aAfrican Americans _vBiography. |
|
| 906 |
_a7 _bcbc _corignew _d1 _eocip _f19 _gy-gencatlg |
||
| 942 |
_2ddc _cBK _n0 |
||
| 999 |
_c440 _d440 |
||